Vliv geometrické přesnosti vybraných obráběcích center na požadované vlastnosti výrobků = Effect of geometrical precision machining centers on the desired characteristics of the goods : zkrácená verze Ph.D. Thesis /

Main Author: Holub, Michal, 1982-
Corporate Author: Vysoké učení technické v Brně. Ústav výrobních strojů, systémů a robotiky
Language: Czech
Published: [V Brně : Vysoké učení technické], c2012
Series: Vědecké spisy Vysokého učení technického v Brně. PhD Thesis, sv. 644
Subjects:
Physical Description: 29 s. : il. ; 21 cm
Language note: Anglické resumé
Book
Saved in:
LEADER 02284nam a2200505 a 4500
001 nkc20122348894
003 CZ PrNK
005 20120802061153.0
007 ta
008 120327s2012 xr a f m 000 0 cze
015 |a cnb002348894 
020 |a 978-80-214-4416-4  |q (brož.) 
035 |a (OCoLC)794208403 
040 |a ABA001  |b cze 
041 0 |a cze  |b eng 
072 7 |a 621  |x Strojírenství  |2 Konspekt  |9 19 
080 |a 621.9  |2 MRF 
080 |a 621.71  |2 MRF 
080 |a (043.3)378.245  |2 MRF 
080 |a (048.3)  |2 MRF 
100 1 |a Holub, Michal,  |d 1982-  |7 jo2012691855  |4 dis 
245 1 0 |a Vliv geometrické přesnosti vybraných obráběcích center na požadované vlastnosti výrobků =  |b Effect of geometrical precision machining centers on the desired characteristics of the goods : zkrácená verze Ph.D. Thesis /  |c Michal Holub 
246 3 1 |a Effect of geometrical precision machining centers on the desired characteristics of the goods 
260 |a [V Brně :  |b Vysoké učení technické],  |c c2012 
300 |a 29 s. :  |b il. ;  |c 21 cm 
490 1 |a Vědecké spisy Vysokého učení technického v Brně. PhD Thesis,  |x 1213-4198 ;  |v sv. 644 
500 |a Zkrácená verze disertace (Ph.D.)--Vysoké učení technické v Brně, Fakulta strojního inženýrství, Ústav výrobních strojů, systémů a robotiky, 2012 
504 |a Obsahuje bibliografie 
546 |a Anglické resumé 
650 0 7 |a obrábění  |7 ph123613  |2 czenas 
650 0 7 |a tolerance rozměrů  |7 ph126677  |2 czenas 
650 0 9 |a machining  |2 eczenas 
650 0 9 |a dimensional tolerance  |2 eczenas 
655 7 |a doktorské disertace  |7 fd186751  |2 czenas 
655 7 |a teze  |7 fd133701  |2 czenas 
655 9 |a higher doctoral dissertations  |2 eczenas 
655 9 |a abstracts  |2 eczenas 
710 2 |a Vysoké učení technické v Brně.  |b Ústav výrobních strojů, systémů a robotiky  |7 kn20020808059 
810 2 |a Vysoké učení technické v Brně.  |t Vědecké spisy.  |p PhD Thesis  |0 s 
910 2 |a BOA001  |b 2-1289.653 
990 |a BK 
995 |a 01 
991 |b 201208  |c NOV  |e n 
996 6 |b 2610516237  |c 2-1289.653  |l MZK  |r Sklad / do 1 hodiny  |n 0  |p p.v.  |w 001267038  |u 000010  |a 1  |e BOA001  |j MZK50  |s P 
996 7 |b 2610516238  |c 2-1289.653  |l MZK  |r Sklad / do 1 hodiny  |n 0  |p p.v.  |w 001267038  |u 000020  |a 1  |e BOA001  |j MZK50  |s A